[Las intrigas de una corte (Registro nro. 160518)

Detalles MARC
000 -LEADER
campo de control de longitud fija 00864nam a2200205 i 4500
001 - NÚMERO DE CONTROL
campo de control 160518
003 - IDENTIFICADOR DE NÚMERO DE CONTROL
campo de control ES-MaACL
005 - FECHA Y HORA DE LA ÚLTIMA TRANSACCIÓN
campo de control 20250824053551.0
008 - DATOS DE LONGITUD FIJA--INFORMACIÓN GENERAL
campo de control de longitud fija 931025s1846 sp |||| | spa d
080 ## - NÚMERO DE LA CLASIFICACIÓN DECIMAL UNIVERSAL
Número de la Clasificación Decimal Universal 821.134.2-22"18"
100 1# - ENTRADA PRINCIPAL--NOMBRE DE PERSONA
Nombre de persona Navarrete, Ramón de,
Fechas asociadas al nombre 1818-1897
9 (RLIN) 85042
245 15 - MENCIÓN DEL TÍTULO
Título [Las intrigas de una corte
Resto del título : comedia en cinco actos /
Mención de responsabilidad, etc. arreglada a la escena española por Ramón de Navarrete, representada en el teatro del Príncipe el 11 de setiembre de 1846].
260 ## - PUBLICACIÓN, DISTRIBUCIÓN, ETC.
Lugar de publicación, distribución, etc. Madrid :
Nombre del editor, distribuidor, etc. Vicente de Lalama,
Fecha de publicación, distribución, etc. 1846.
300 ## - DESCRIPCIÓN FÍSICA
Extensión 19 p. ;
Dimensiones 26 cm.
490 1# - MENCIÓN DE SERIE
Mención de serie Biblioteca Dramática
594 ## - Nota al título y mención de responsabilidad
Nota al título y mención de responsabilidad Autor y título tomado de principio del texto, sin portada.
830 00 - PUNTO DE ACCESO ADICIONAL DE SERIE-TÍTULO UNIFORME
Título uniforme Biblioteca dramática
9 (RLIN) 242024
852 ## - LOCALIZACIÓN
Ubicación ES-MaACL
Número de control de estantería G-6372(4)
Nota libre -- Enc. hol.
-- -- Enc. en un vol. facticio falto de la cub. original
Existencias
Estatus retirado Estado de pérdida Estado de daño No para préstamo Colección Biblioteca de origen Biblioteca actual Ubicación en estantería Fecha de adquisición Total de préstamos Signatura topográfica completa Código de barras Visto por última vez Precio de reemplazo Tipo de ítem Koha
        Libros del s. XIX Biblioteca del Ateneo de Madrid Biblioteca del Ateneo de Madrid Depósito 2 17/01/2008   G-6372(4) 1168073 23/02/2023 23/02/2023 Libro impreso antiguo